书目信息 |
| 题名: |
中国学术史
|
|
| 作者: | 张国刚 , 乔治忠 著 | |
| 分册: | ||
| 出版信息: | 上海 东方出版中心 2006 |
|
| 页数: | 599页 | |
| 开本: | 21cm | |
| 丛书名: | 中华文化专题史系列丛书 | |
| 单 册: | ||
| 中图分类: | B215 | |
| 科图分类: | ||
| 主题词: | 思想史--研究--中国--古代 , 思想史 | |
| 电子资源: | ||
| ISBN: | 7-80627-932-6 | |
| 000 | 00916oam2 2200277 450 | |
| 001 | 002194184 | |
| 005 | 20061115151411.20 | |
| 010 | @a7-80627-932-6@dCNY40.00 | |
| 100 | @a20050211d2006 em y0chiy0110 ea | |
| 101 | 0 | @achi |
| 102 | @aCN@b310000 | |
| 105 | @ay z 000yy | |
| 200 | 1 | @a中国学术史@9zhong guo xue shu shi@f张国刚,乔治忠等著 |
| 205 | @a2版 | |
| 210 | @a上海@c东方出版中心@d2006 | |
| 215 | @a599页@d21cm | |
| 225 | 2 | @a中华文化专题史系列丛书 |
| 330 | @a本书叙述了从先秦到清末中国学术发展的基本脉络和主要成就。对三千年间先秦诸子、两汉经学、魏晋玄学、隋唐佛学、宋明理学、清代实学等传统学术及其风气的流变进行了精当的论述。 | |
| 461 | 0 | @12001 @a中华文化专题史系列丛书 |
| 606 | 0 | @a思想史@x研究@y中国@z古代 |
| 606 | 0 | @a思想史 |
| 690 | @aB215@v4 | |
| 701 | 0 | @a张国刚@9zhang guo gang@4著 |
| 701 | 0 | @a乔治忠@9qiao zhi zhong@4著 |
| 801 | 0 | @aCN@bNLC@c20061115 |
| 905 | @a10447@dB215@e105 | |
| 中国学术史/张国刚,乔治忠等著.-2版.-上海:东方出版中心,2006 |
| 599页;21cm.-(中华文化专题史系列丛书) |
| ISBN 7-80627-932-6:CNY40.00 |
| 本书叙述了从先秦到清末中国学术发展的基本脉络和主要成就。对三千年间先秦诸子、两汉经学、魏晋玄学、隋唐佛学、宋明理学、清代实学等传统学术及其风气的流变进行了精当的论述。 |
| ● |
| 相关链接 |
|
|
|
|
正题名:中国学术史
索取号:B215/105
 
预约/预借
| 序号 | 登录号 | 条形码 | 馆藏地/架位号 | 状态 | 备注 |
| 1 | 0391309 | 203913097 | 第一样本阅览室/ [索取号:B215/105] | 在馆 | |
| 2 | 0391310 | 203913104 | 第一借阅区/ [索取号:B215/105] | 在馆 | |
| 3 | 0391311 | 203913113 | 第一借阅区/ [索取号:B215/105] | 在馆 | |
| 4 | 0391312 | 203913122 | 第一借阅区/ [索取号:B215/105] | 在馆 | |
| 5 | 0391313 | 203913131 | 第一借阅区/ [索取号:B215/105] | 在馆 |